| 000 | 00398nam a22001697a 4500 | ||
|---|---|---|---|
| 003 | OSt | ||
| 005 | 20210930104057.0 | ||
| 008 | 210930b |||||||| |||| 00| 0 eng d | ||
| 020 | _a9964-3-0118-9 | ||
| 040 | _cHawassa university | ||
| 050 |
_a581/LAW _b1 |
||
| 082 |
_a581/LAW _b1 |
||
| 100 |
_aLawson g. w. _98576 |
||
| 245 | _aPlant life in west africa | ||
| 260 | _c1986 | ||
| 942 |
_2ddc _cBOOKS _n0 |
||
| 999 |
_c7935 _d7935 |
||